| 000 | 00793nam a2200241 a 4500 | ||
|---|---|---|---|
| 001 | 000002961 | ||
| 005 | 20250402142400.0 | ||
| 008 | 090706s2008 dr a 000 0 spa d | ||
| 020 | _a9789945162240 | ||
| 040 |
_aDO-SdBNP _bspa _cBNPHU |
||
| 082 |
_a461.52 _bP438g |
||
| 100 | 1 |
_aPérez, Xiomarita _9458 |
|
| 245 | 1 | 0 |
_aGazapos con humor / _cXiomarita Pérez ; ilustraciones Sughey Abréu. |
| 260 |
_aSanto Domingo : _bBúho, _c2008. |
||
| 300 |
_a113 p. : _bil. ; _c22 cm. |
||
| 500 | _aIncluye datos biográficos del autor. | ||
| 590 | _aInventariado, 2018/LP | ||
| 650 | 4 |
_aEspañol _xOrtografía _91453 |
|
| 650 | 4 |
_aLenguaje y lenguas _xOrtografía _99406 |
|
| 650 | 0 |
_aComunicación escrita _99407 |
|
| 700 | 1 |
_aAbréu, Sughey, _eil. _99408 |
|
| 910 | _aValidado. Control de calidad BNPHU | ||
| 999 |
_c2793 _d2793 |
||